| 000 | 00519nam a2200181Ia 4500 | ||
|---|---|---|---|
| 008 | 230718s9999 xx 000 0 und d | ||
| 020 | _a9789746521079 | ||
| 041 | _aeng | ||
| 082 |
_a621.382'4 _bBAN |
||
| 100 |
_aBancroft R. _9171185 |
||
| 245 | _aMicrostrip And Printed Antenna Design | ||
| 250 | _a2nd ed. | ||
| 260 |
_c2009 _bScitech Publication |
||
| 300 |
_a287 _dRef 1178 E (34514) |
||
| 365 |
_cRs. _b4854.00 |
||
| 700 |
_aBancroft R. _9171185 |
||
| 906 |
_dO:0043902-Jan-2010B:190110-Oct-2009 _cME ETC _b970.8 |
||
| 999 |
_c323307 _d323307 |
||